000 00785cab a2200253 4500
001 ABS39050
008 090401t1988 xxu||||| |||| 00| 0 eng d
035 _a(Sirsi) u14056
041 _aeng
100 _aYates, T.J.S.
245 4 _aThe effect of acid deposition on buildings and building materials
260 _c1988
350 _a0
490 _aConstruction & Building Materials
_v2(1) March 1988, 20-26(7)
520 _aDescribes research into the effect of acid rain on buildings and building materials . References.
650 _aCONSERVATION
650 _aCORROSION
650 _aBUILT ENVIRONMENT-BUILDING MATERIALS-STONE
690 _aCONSERVATION AND THE ENVIRONMENT
700 _aCoote, A.T.
700 _aButlin, R.N.
942 _n0
948 _c04/03/1997
999 _c9110
_d9110